Indice de libros prohibidos mandado publicar por su santidad el papa Pío IX. Edición oficial española enteramente igual a la romana de 1877; adicionada con los decretos posteriores, expedidos hasta fin de agosto de 1880, por don León Carbonero y Sol, en virtud de autorización concedida por rescripto de la Sagrada Congregación del Index de 3 de Mayo de 1878, y con revisión y comprobación de la autoridad eclesiástica de Madrid

Uloženo v:
Podrobná bibliografie
Hlavní autor: Pío IX (Autor)
Médium: Kniha
Jazyk:latina
španělština
francouzština
němčina
Vydáno: Madrid Imprenta de D. Antonio Pérez Dubrull, calle de la Flor Baja, núm. 22 1880
Vydání:1a. ed
Témata:
Tagy: Přidat tag
Žádné tagy, Buďte první, kdo vytvoří štítek k tomuto záznamu!

MARC

LEADER 00000nam a2200000 a 4500
001 UCJ7359
003 CL-VaPUC
008 070124e18800000SP |||||||||||||||||lat|d
041 0 7 |a lat  |2 CL-VaPUC 
041 0 7 |a spa  |2 CL-VaPUC 
041 0 7 |a fre  |2 CL-VaPUC 
041 0 7 |a ger  |2 CL-VaPUC 
082 0 4 |a 098.11  |b PIO  |2 21 
100 0 |a Pío IX  |e author  |9 337647 
245 1 0 |a Indice de libros prohibidos mandado publicar por su santidad el papa Pío IX. Edición oficial española enteramente igual a la romana de 1877; adicionada con los decretos posteriores, expedidos hasta fin de agosto de 1880, por don León Carbonero y Sol, en virtud de autorización concedida por rescripto de la Sagrada Congregación del Index de 3 de Mayo de 1878, y con revisión y comprobación de la autoridad eclesiástica de Madrid 
250 |a 1a. ed 
300 |a 330 p 
942 |c BK 
945 |d 20070124 00:00:00  |a rinostro 
260 |a Madrid  |b Imprenta de D. Antonio Pérez Dubrull, calle de la Flor Baja, núm. 22  |c 1880 
500 |a 8§, tela, plancha dorada 
600 0 7 |a INDICE DE LIBROS PROHIBIDOS  |2 CL-VaPUC  |9 515694 
650 7 |a CENSURA ECLESIASTICA  |2 CL-VaPUC  |9 513923 
650 7 |a LIBROS PROHIBIDOS  |2 CL-VaPUC  |9 506435 
583 |a last modification  |c 20070124 00:00:00  |k Rodrigo Vera 
999 |c 323451  |d 323449 
952 |0 0  |1 0  |4 0  |6 098_110000000000000_PIO_1880  |7 0  |8 X  |9 403031  |a FDOBUD  |b FDOBUD  |d 2019-11-22  |i 1062050  |o 098.11 PIO 1880  |p 1062050  |r 2019-11-22  |w 2019-11-22  |y BK_X  |k BUD